| 000 | 00341pam a2200133a 44500 | ||
|---|---|---|---|
| 008 | 230405s1986 xxu||||| |||| 00| 0 eng d | ||
| 041 | _aENG | ||
| 100 | _aWILLARD /MERRITT | ||
| 245 | _aINSTRUMENTAL METHODS OF ANALYSIS ( WILLARD) | ||
| 250 | _a7 | ||
| 260 |
_aNEW YORK _bJOHN WILLY & SONS NEW YORK _c1986 |
||
| 300 | _a894 | ||
| 906 | _a3776 | ||
| 999 |
_c269215 _d269215 |
||